សេដ្ឋកិច្ចកសិកម្ម និង អភិវឌ្ឍន៍ជនបទ (Record no. 9833)

000 -LEADER
fixed length control field 00323nam a22001217a 4500
040 ## - CATALOGING SOURCE
Transcribing agency SY
082 ## - DEWEY DECIMAL CLASSIFICATION NUMBER
Classification number 339
100 ## - MAIN ENTRY--AUTHOR NAME
Personal name អេង លេង
245 ## - TITLE STATEMENT
Title សេដ្ឋកិច្ចកសិកម្ម និង អភិវឌ្ឍន៍ជនបទ
260 ## - PUBLICATION, DISTRIBUTION, ETC. (IMPRINT)
Place of publication RUA
Name of publisher អេង
Year of publication 2008
300 ## - PHYSICAL DESCRIPTION
Number of Pages 35p.
942 ## - ADDED ENTRY ELEMENTS (KOHA)
Koha item type សៀវភៅភាសាខ្មែរ
952 ## - LOCATION AND ITEM INFORMATION (KOHA)
Withdrawn status [LOCAL, KOHA] 0
Holdings
Permanent Location Date acquired Koha item type Lost status Shelving location Barcode Current Location Full call number
Library Block C2016-09-14សៀវភៅភាសាខ្មែរ C195RUA44116Library Block C339 អេង 2008 C195
មជ្ឈមណ្ឌលឯការនៃសាកលវិទ្យាល័យភូមិន្ទកសិកម្មចំការដូង

Powered by Koha